000 00411nam a2200181Ia 4500
001 13002
005 20260306163021.0
008 260306t1999||||xx |||||||||||||| ||spa||
041 _aESP
082 _aRD 621.303
_bG77
100 _aGraf, Rudolf F.
_eAUT
245 0 _aDiccionario de electrónica
260 _c1999
300 _a
_c28 cm.
650 _aGEN
654 _aCET
942 _cDIC
_dJUS
_fJUS
_2ddc
_n
999 _c13002
_d13002